| 000 | 00585nam a2200229 c 4500 | ||
|---|---|---|---|
| 003 | BLK | ||
| 005 | 20180413135059.0 | ||
| 008 | 180411b bul|||||r ||||||| ||bul|| | ||
| 010 | _aKNG00189319000 | ||
| 040 | _aBLK | ||
| 041 |
_aBUL _cENG |
||
| 139 |
_aNew Life Study Testament _bN 52 |
||
| 245 | 1 | 0 | _aNew Life Study Testament |
| 257 | _aBGR | ||
| 260 |
_аNew York _c1986 |
||
| 380 | _a2 | ||
| 852 | _aЦб І 36865 | ||
| 856 | 4 |
_qpdf _u |
|
| 856 | 4 |
_qpdf _u |
|
| 942 |
_cKNG _n0 |
||
| 944 |
_aCR _c20.07.2016 _kВиолета_Тройчева |
||
| 944 |
_aED _c20.07.2016 _kПенка_Димитрова |
||
| 999 |
_c180462 _d180462 |
||